00448nam a2200109Ia 4500008004100000100002100041245010900062260006400171300001800235650001500253856007000268160712s9999 xx 000 0 und d aTope, Lily Rose. cLily Rose TopeaImagining the Cinematic Nation: Fernando Poe Jr., Action Star and Presidential Candidate c2013bJournal of English Studies and Comparative Literature avol. 13 no. 1 xLITERATURE uhttp://journals.upd.edu.ph/index.php/jescl/issue/view/410/showToc